000 00672nam a22002297a 4500
005 20170124105941.0
010 _aA-779865
020 _c00.00
_a8120717708
035 _aA-779865
037 _bCen Lib/Ret
040 _aDPL
_bEN
082 _a203.31
_bMIS
100 _aMisra,Shailendra
_911294
245 _aHanuman vigrah
_cby Shailendra Misra
260 _aNew Delhi
_bSterling Publishers
_c1995
270 _bNew Delhi
_al-10, green park extention
_e110016
300 _aix, 127p.
_c21cm(Hb)
500 _aIncludes appendix
650 _aHinduism
_911295
650 _aLiterature on hanuman
_911296
942 _2ddc
_cEN
_h230.31
_mMIS
999 _c124595
_d124595